Paesi nominati nella pagina Wikipedia della Spagna - Statistics

Statistiche generali
  • Questo quiz è stato fatto 56 volte
  • Il punteggio medio è 14 su 18
Statistiche sulle risposte
Volte in cui viene nominato Indizio (basato sul motivo per cui lo stato è nominato nella pagina Wikipedia) Paese % Corretto
5 Paese confinante Francia
100%
7 Paese confinante Portogallo
100%
3 Paese confinante Andorra
98%
2 Paese che sostenne militarmente il golpe franchista Italia
98%
2 Paese che sostenne militarmente il golpe franchista Germania
96%
4 Paese confinante Marocco
92%
1 Ex colonia spagnola, meta di notevole immigrazione dalla Spagna dopo la Guerra Civile Argentina
90%
3 Paese che sconfisse in guerra la Spagna nel 1898 Stati Uniti
90%
1 Paese confinante (con un territorio d'oltremare) Regno Unito
88%
1 Paese colonizzato dalla Spagna Venezuela
81%
1 Paese colonizzato dalla Spagna Cile
79%
1 La Spagna ha la seconda rete ferroviaria ad alta velocità al mondo, dopo quella di questo paese Cina
77%
2 Paese colonizzato dalla Spagna Cuba
73%
1 La Spagna è stato il terzo paese a legalizzare il matrimonio omosessuale, il primo è stato questo stato Paesi Bassi
73%
1 La Spagna è stato il terzo paese a legalizzare il matrimonio omosessuale, il secondo è stato questo stato Belgio
69%
1 Paese colonizzato dalla Spagna Filippine
54%
1 Paese colonizzato dalla Spagna Guinea Equatoriale
23%
1 Paese che sostenne diplomaticamente il golpe franchista Città del Vaticano
15%
Nessun quiz corrispondente trovato
Distribuzione punteggi
Percentuale di utenti per punteggio
Percentile per numero di risposta
I tuoi punteggi nel tempo
Non hai fatto questo quiz